Liste Swadesh de l'allemand - Statistiques

Statistiques générales
  • Ce quiz a été pris 67 fois
    65 depuis la dernière actualisation
  • Le résultat moyen est 90 sur 207
Statistiques - réponses
Français Allemand % Correct
2 tu / vous (formel) du / Sie (formel)
98%
1 je ich
98%
5 vous (pluriel) ihr / Sie (formel)
91%
154 mer Meer / See
91%
153 lac See
91%
6 ils sie
91%
67 œuf Ei
88%
3 il er
88%
24 trois drei
84%
26 cinq fünf
84%
23 deux zwei
84%
12 quoi was
81%
4 nous wir
81%
42 mère Mutter
79%
25 quatre vier
79%
22 un eins
77%
27 grand groß
77%
39 enfant Kind
77%
37 homme (mâle adulte) Mann
77%
41 mari Mann / Ehemann
77%
43 père Vater
77%
13 wo
77%
17 tout alle
74%
47 chien Hund
74%
16 ne...pas nicht
74%
15 comment wie
74%
45 poisson Fisch
72%
36 femme Frau
72%
40 femme (épouse) Frau / Ehefrau
72%
205 si (condition) wenn / ob
72%
11 qui wer
72%
201 à bei / an
70%
9 ici hier
67%
14 quand wann
67%
32 petit klein
65%
44 animal Tier
65%
185 bon gut
63%
71 cheveux Haar
63%
28 long lang
63%
46 oiseau Vogel
63%
59 fleur Blume
60%
93 manger essen
60%
202 dans in
60%
72 tête Kopf
60%
203 avec (ensemble) mit
60%
183 nouveau neu
60%
92 boire trinken
60%
184 vieux alt
58%
51 arbre Baum
58%
173 vert grün
58%
83 main Hand
58%
204 et und
58%
18 beaucoup viele
58%
21 autre andere
56%
167 feu Feuer
56%
80 pied Fuß
56%
179 an / année Jahr
56%
108 vivre leben
56%
200 gauche links
56%
177 nuit Nacht
56%
207 nom Name
56%
172 rouge rot
56%
107 dormir schlafen
56%
176 noir schwarz
56%
101 voir sehen
56%
150 eau Wasser
56%
175 blanc weiß
56%
104 penser denken
53%
174 jaune gelb
53%
90 cœur (organe) Herz
53%
102 entendre hören
53%
33 court kurz
53%
140 dire sagen
53%
178 jour Tag
53%
63 viande Fleisch
51%
128 donner geben
51%
181 froid (température) kalt
51%
122 venir kommen
51%
76 bouche Mund
51%
75 nez Nase
51%
73 oreille Ohr
51%
199 droite rechts
51%
164 neige Schnee
51%
141 chanter singen
51%
142 jouer (s'amuser) spielen
51%
52 forêt Wald
51%
163 vent Wind
51%
103 savoir wissen
51%
77 dent Zahn
51%
74 œil Auge
49%
64 sang Blut
49%
162 ciel Himmel
49%
100 rire lachen
49%
155 sel Salz
49%
147 soleil Sonne
49%
206 parce que weil
49%
171 montagne Berg
47%
29 large breit / weit
47%
123 être étendu liegen
47%
119 nager schwimmen
47%
180 chaud (température) warm
47%
127 tomber fallen
44%
109 mourir sterben
44%
198 loin weit / fern
44%
165 glace Eis
42%
60 herbe Gras
42%
38 homme (être humain) Mensch
42%
99 respirer atmen
40%
81 jambe Bein
40%
7 ceci / celui-ci dieses
40%
120 voler (dans l'air) fliegen
40%
148 lune Mond
40%
85 ventre Bauch
37%
159 terre (sol) Erde
37%
152 rivière Fluss
37%
121 marcher gehen
37%
151 pluie Regen
37%
196 juste, correct richtig
37%
88 dos Rücken
37%
190 rond rund
37%
157 sable Sand
37%
124 être assis sitzen
37%
149 étoile Stern
37%
110 tuer töten
37%
132 laver waschen
37%
169 brûler (intransitif) brennen
35%
30 épais dick
35%
54 fruit Frucht
35%
87 cou Hals
35%
82 genou Knie
35%
113 frapper schlagen
35%
186 mauvais schlecht
35%
125 se tenir debout stehen
35%
170 route Straße
35%
112 chasser (le gibier) jagen
33%
197 près nah
33%
114 couper schneiden
33%
31 lourd schwer
33%
111 se battre kämpfen
30%
49 serpent Schlange
30%
188 sale schmutzig
30%
156 pierre Stein
30%
195 sec trocken
30%
182 plein voll
30%
20 peu wenig
30%
139 compter zählen
30%
19 quelques einige
28%
62 peau Haut
28%
194 mouillé / humide nass / feucht
28%
166 fumée Rauch
28%
136 jeter, lancer werfen
28%
56 feuille (d'un végétal) Blatt
26%
135 pousser drücken
26%
66 graisse Fett
26%
68 corne Horn
26%
161 brouillard Nebel
26%
160 nuage Wolke
26%
94 mordre beißen
23%
10 dort
23%
35 mince dünn
23%
79 ongle Fingernagel
23%
105 sentir (odorat) riechen
23%
134 tirer ziehen
23%
168 cendre Asche
21%
137 lier binden
21%
89 poitrine Brust
21%
34 étroit eng
21%
84 aile Flügel
21%
145 geler frieren
21%
129 tenir halten
21%
65 os Knochen
21%
78 langue (organe) Zunge
21%
126 tourner (intransitif) drehen
19%
91 foie Leber
19%
158 poussière Staub
19%
98 souffler blasen
16%
189 droit (rectiligne) gerade
16%
50 ver Wurm
16%
70 plume (d'un oiseau) Feder
14%
118 creuser graben
14%
117 gratter kratzen
14%
69 queue (d'un animal) Schwanz
14%
96 cracher spucken
14%
57 racine Wurzel
14%
97 vomir erbrechen
12%
187 pourri faul
12%
144 couler (liquide) fließen
12%
106 craindre fürchten
12%
193 lisse glatt
12%
191 tranchant scharf
12%
61 corde Seil
12%
53 bâton Stock
12%
8 cela / celui-là jenes
9%
138 coudre nähen
9%
95 sucer saugen
9%
192 émoussé stumpf
9%
133 essuyer wischen
9%
131 frotter reiben
7%
143 flotter schweben
7%
146 gonfler (intransitif) schwellen
7%
48 pou Laus
5%
58 écorce Rinde
5%
55 graine Samen
5%
115 fendre spalten
5%
116 poignarder stechen
5%
86 entrailles / intestins Eingeweide
2%
130 serrer, presser quetschen
2%
Aucun quiz correspondant
Distribution des résultats
% des personnes avec chaque résultat
Percentile par nombre de réponses
Votre historique - résultats
Vous n’avez pas pris ce quiz depuis la dernière actualisation